Statistics for Cities by Skyline #3

Click here to take the quiz!

General Stats

  • This quiz has been taken 63 times
  • The average score is 5 of 15

Answer Stats

Answer% Correct
Shanghai
95%
Abu Dhabi
55%
Dar es Salaam
47%
Gold Coast
47%
Denver
44%
Frankfurt
42%
Nur-Sultan
27%
Calgary
25%
Chongqing
25%
Manama
25%
Minneapolis
22%
New Orleans
16%
Tianjin
13%
Urumqi
11%
Winnipeg
9%

Score Distribution

Percentile by Number Answered

Percent of People with Each Score

Your Score History

You have not taken this quiz